• 首页
  • 本馆介绍
  • 公告通知
  • 最新文献
  • 馆藏检索
  • 电子资源
  • 读者导购
  • 参考咨询
  • 我的图书馆
  • 登录
  • 详细信息显示
  • 放入我的书架
  • 预约/预借图书
  • 作者相关作品
  • 分类相关作品
  • 丛书相关作品
  • 出版社相关作品

书目信息

  • 表格格式
  • 工作单格式
  • 卡片格式
题名:
前苏格拉底哲学研究
    
 
作者: 叶秀山 著
分册:  
出版信息: 北京   三联书店  1982
页数: 374页
开本: 19cm
丛书名:
单 册:
中图分类: B502.231
科图分类:
主题词: 苏格拉底(前469~前399)--哲学 , 苏格拉底(前469~前399)
电子资源:
ISBN:
000 00636nam0 2200229 45
001 0182006241
005 20060428091239.79
010    @dCNY1.00
100    @a19950629d1982 kmey0chiy0121 ea
101 0  @achi
102    @aCN@b110000
105    @ay z 000yy
200 10 @a前苏格拉底哲学研究@Aqian su ge la di zhe xue yan jiu@f叶秀山著@FYe XiuShan Zhu
210    @a北京@c三联书店@d1982
215    @a374页@d19cm
606 0  @a苏格拉底(前469~前399)@x哲学
606 0  @a苏格拉底(前469~前399)
690    @aB502.231@v3
701  0 @a叶秀山@4著
801  2 @aCN@bNLC@c20060428
801  0 @aCN@b上海图书馆@c20050526
905    @dB502.231@e15
    
    前苏格拉底哲学研究/叶秀山著.-北京:三联书店,1982
    374页;19cm
    
    
    ISBN :CNY1.00
    
●
相关链接 在E读中查询图书 在五车中查询图书 在当当中查询图书 在豆瓣中查询图书


正题名:前苏格拉底哲学研究     索取号:B502.231/15         预约/预借

序号 登录号 条形码 馆藏地/架位号 状态 备注
1 0178113   000577557   密集书库/ [索取号:B502.231/15] 在馆    
2 0178114   202299431   密集书库/ [索取号:B502.231/15] 在馆    
3 0178115   000517774   第一样本阅览室/ [索取号:B502.231/15] 在馆    
唐山师范学院图书馆 欢迎您!
大连网信软件有限公司© 版权所有